000 00737cab a2200265 4500
001 ABS44960
008 090401t1991 xxu||||| |||| 00| 0 eng d
035 _a(Sirsi) u50064
041 _aeng
100 _aEmpson, T
245 _aMaintenance funds for heritage properties
260 _c1991
350 _a0
490 _aFarm Tax Brief
_v6(7) July 1991, 51
520 _aBriefly refers to the background of maintenance funds for heritage property and how they work.
650 _aCAPITAL TRANSFER TAX
650 _aFINANCE ACT 1975
650 _aHISTORIC BUILDINGS
650 _aHISTORIC HOUSES ASSOCIATION
650 _aREPAIRS
650 _aTAXATION
690 _aCONSERVATION
942 _n0
948 _c04/03/1997
999 _c31292
_d31292